Gaming Quiz

Random Gaming or Video Games Quiz

Team Fortress 2 Classes Quiz Stats

 Plays Quiz Updated Jun 1, 2014

     
Support Sporcle.
Go Orange.
Score 0/9 Timer 01:00
5 Plays Today
% Correct
Medic
92.2%
Heavy
91.1%
Scout
90.9%
Spy
90.3%
Sniper
87.7%
Pyro
85.8%
Soldier
83.8%
Engineer
83.8%
Demoman
76.6%

From the Vault

8-bit Google Maps Landmarks

by MrChewypoo

You know your childhood was awesome if you grew up playing games that looked like this.
Remove Ads.
Support Sporcle.
Get the best of Sporcle when you Go Orange. This ad-free experience offers more features, more stats, and more fun while also helping to support Sporcle. Thank you for becoming a member.

Show Comments

Extras

Top Quizzes Today


Score Distribution

Your Account Isn't Verified!

In order to create a playlist on Sporcle, you need to verify the email address you used during registration. Go to your Sporcle Settings to finish the process.

Report this User

Report this user for behavior that violates our Community Guidelines.

Details: